Comentando la declaración de Hamburgo (Record no. 64308)

MARC details
000 -CABECERA
campo de control de longitud fija 00827cam a2200241 ab4500
005 - FECHA Y HORA DE LA ÚLTIMA TRANSACCIÓN
campo de control 20260319115102.0
008 - ELEMENTOS DE LONGITUD FIJA--INFORMACIÓN GENERAL
campo de control de longitud fija 991125d1999 pe tr p 000 0 spa d
003 - IDENTIFICADOR DEL NÚMERO DE CONTROL
campo de control
035 ## - NÚMERO DE CONTROL DEL SISTEMA
Número de control de sistema UPN01000068001
040 ## - FUENTE DE LA CATALOGACIÓN
Centro catalogador/agencia de origen MX-MxUPN
Lengua de catalogación spa
Centro/agencia transcriptor MX-MxUPN
Normas de descripción aacr
100 1# - ASIENTO PRINCIPAL--NOMBRE PERSONAL
Nombre de persona Pagano, Ana
9 (RLIN) 42256
100 1# - ASIENTO PRINCIPAL--NOMBRE PERSONAL
Nombre de persona Turner, Lidia
100 1# - ASIENTO PRINCIPAL--NOMBRE PERSONAL
Nombre de persona Ghiso, Alfredo
245 1# - MENCIÓN DE TÍTULO
Título Comentando la declaración de Hamburgo
530 ## - NOTA DE FORMATO FÍSICO ADICIONAL DISPONIBLE
Nota de formato físico adicional disponible Disponible también en versión electrónica
650 #4 - ASIENTO SECUNDARIO DE MATERIA - TERMINO TEMATICO
Término de materia o nombre geográfico como elemento de entrada Educación de adultos
9 (RLIN) 956
773 ## - ENLACE AL DOCUMENTO FUENTE/ENTRADA DE REGISTRO ANFITRIÓN
Parte(s) relacionada(s) No. 14, (1998), p. 9-17
Título La piragua : revista latinoamericana y caribeña de educación y política
Número Internacional Normalizado para Publicaciones Seriadas 2073-0810
856 4# - LOCALIZACIÓN Y ACCESO ELECTRÓNICOS
Identificador Uniforme del Recurso <a href="https://biblioteca.isauroarancibia.org.ar/wp-content/uploads/2020/11/LA-PIRAGUA-14.pdf">https://biblioteca.isauroarancibia.org.ar/wp-content/uploads/2020/11/LA-PIRAGUA-14.pdf</a>
902 ## - ELEMENTOS DE DATOS B LOCAL, LDB (RLIN)
Modificó Lorena Izquierdo/260925
904 ## - ELEMENTOS DE DATOS D LOCAL, LDD (RLIN)
a AC
b 005812
905 ## - TIPO DE MATERIAL
Tipo de material Articulo
942 ## - ELEMENTOS DE PUNTO DE ACCESO ADICIONAL (KOHA)
Tipo de ítem Koha Artículo Impreso
Holdings
Estado de retiro Estado de pérdida Estado dañado No para préstamo Código de colección Localización permanente Ubicación/localización actual Ubicación en estantería Fecha de adquisición Total de préstamos Fecha visto por última vez Identificador Uniforme del Recurso Precio válido a partir de Tipo de ítem Koha
      Disponible (Préstamo en sala) Revistas Bib. Gregorio Torres Quintero Bib. Gregorio Torres Quintero Hemeroteca Sótano 26/09/2025   26/09/2025 https://biblioteca.isauroarancibia.org.ar/wp-content/uploads/2020/11/LA-PIRAGUA-14.pdf 26/09/2025 Artículo Impreso